00551nam a2200157 a 450000500170000000800410001705000190005824500570007726000860013430000120022050000250023252000170025765000500027465000600032470000090038420140414093839.0040310s19uu xx 00 eng d aVHS 370bOR 13 aImplementing a reading program in secondary schools. aAlexandria, Va :bAssociation for Supervision and Curriculum Development,cc2002. a30 min. aFacilitator's guide. aLibrary has: aCurriculum planning (Reading)xUnited States. aReadingxStudy and teaching (Secondary)xUnited States. aASCD